[Event "Pivdennyi Bank Chess Cup 2008"]
[Site "Odessa UKR"]
[Date "2008.05.31"]
[Round "6.3"]
[White "Korchnoi, Viktor"]
[Black "Gelfand, Boris"]
[Result "0-1"]
[WhiteElo "2598"]
[BlackElo "2723"]
[PlyCount "38"]
[EventDate "2008.05.30"]
[EventType "tourn (rapid)"]
[EventRounds "14"]
[EventCountry "UKR"]
[Source "lmi"]
[SourceDate "2008.05.30"]

1. c4 Nf6 2. Nc3 e5 3. Nf3 Nc6 4. a3 g6 5. g3 Bg7 6. Bg2 O-O 7. O-O d5 8. cxd5
Nxd5 9. d3 Nde7 10. Bd2 a5 11. Rb1 h6 12. b4 axb4 13. axb4 Nd4 14. Nxd4 exd4
15. Ne4 Nd5 16. Qb3 c6 17. b5 Bf5 18. Rfc1 Qc7 19. Nc3 dxc3 0-1

[Event "Pivdennyi Bank Chess Cup 2008"]
[Site "Odessa UKR"]
[Date "2008.05.31"]
[Round "8.3"]
[White "Gelfand, Boris"]
[Black "Tregubov, Pavel V"]
[Result "1/2-1/2"]
[WhiteElo "2723"]
[BlackElo "2629"]
[PlyCount "72"]
[EventDate "2008.05.30"]
[EventType "tourn (rapid)"]
[EventRounds "14"]
[EventCountry "UKR"]
[Source "lmi"]
[SourceDate "2008.05.30"]

1. Nf3 c5 2. c4 Nc6 3. d4 cxd4 4. Nxd4 e6 5. Nc3 Bb4 6. g3 Qa5 7. Ndb5 Nf6 8.
a3 Bxc3+ 9. Nxc3 Ne4 10. Bd2 Qf5 11. f4 Na5 12. Bg2 Nxd2 13. Qxd2 Nb3 14. Qd6
Nxa1 15. Nb5 Qc2 16. Nc7+ Kd8 17. Nxa8 Qxc4 18. O-O Nb3 19. e3 a5 20. Rd1 Qc5
21. Qd3 a4 22. Bxb7 Ke7 23. Bxc8 Rxc8 24. Nb6 Qxb6 25. Qxd7+ Kf6 26. Qxc8 Qxe3+
27. Kf1 Qf3+ 28. Ke1 Qe3+ 29. Kf1 Qf3+ 30. Ke1 Qh1+ 31. Ke2 Qxh2+ 32. Kf3 Qh5+
33. g4 Qh3+ 34. Kf2 Qh2+ 35. Kf3 Qh3+ 36. Kf2 Qh2+ 1/2-1/2